<?xml version="1.0" encoding="UTF-8"?>
<record
    xmlns:xsi="http://www.w3.org/2001/XMLSchema-instance"
    xsi:schemaLocation="http://www.loc.gov/MARC21/slim http://www.loc.gov/standards/marcxml/schema/MARC21slim.xsd"
    xmlns="http://www.loc.gov/MARC21/slim">

  <leader>01381cam a22002294a 4500</leader>
  <controlfield tag="005">20180803165258.0</controlfield>
  <controlfield tag="008">050506s2005    dcua          000 0 eng  </controlfield>
  <datafield tag="020" ind1=" " ind2=" ">
    <subfield code="a">1569735883</subfield>
  </datafield>
  <datafield tag="040" ind1=" " ind2=" ">
    <subfield code="a">DLC</subfield>
    <subfield code="c">DLC</subfield>
    <subfield code="d">CO-BoIAVH</subfield>
  </datafield>
  <datafield tag="041" ind1="0" ind2=" ">
    <subfield code="a">eng</subfield>
  </datafield>
  <datafield tag="042" ind1=" " ind2=" ">
    <subfield code="a">pcc</subfield>
  </datafield>
  <datafield tag="082" ind1="0" ind2="4">
    <subfield code="a">333.9516</subfield>
    <subfield code="b">W92e</subfield>
  </datafield>
  <datafield tag="245" ind1="0" ind2="0">
    <subfield code="a">Ecosystems and human well-being :</subfield>
    <subfield code="b">biodiversity synthesis.</subfield>
  </datafield>
  <datafield tag="260" ind1=" " ind2=" ">
    <subfield code="a">Washington, DC :</subfield>
    <subfield code="b">World Resources Institute,</subfield>
    <subfield code="c">2005.</subfield>
  </datafield>
  <datafield tag="300" ind1=" " ind2=" ">
    <subfield code="a">v, 86 p&#xE1;ginas :</subfield>
    <subfield code="b">gr&#xE1;ficas, ilustraciones a color ;</subfield>
    <subfield code="c">28 x 22 cm.</subfield>
  </datafield>
  <datafield tag="505" ind1="0" ind2=" ">
    <subfield code="a">Resumen para responsables de tomar decisiones - Preguntas clave - Biodiversidad: &#xBF;qu&#xE9; es, d&#xF3;nde est&#xE1; y por qu&#xE9; es importante? - &#xBF;Por qu&#xE9; es la p&#xE9;rdida de biodiversidad es una preocupaci&#xF3;n? - &#xBF;Cu&#xE1;les son las tendencias y los impulsores de la p&#xE9;rdida de biodiversidad actuales? - &#xBF;Cu&#xE1;l es el futuro de la biodiversidad y los servicios ecosist&#xE9;micos bajo escenarios plausibles? - &#xBF;Qu&#xE9; opciones de respuesta pueden conservar la biodiversidad y promover el bienestar humano? - &#xBF;Cu&#xE1;les son las perspectivas de reducci&#xF3;n de la tasa de p&#xE9;rdida de biodiversidad para 2010 o m&#xE1;s all&#xE1;, y otras implicaciones para la convenci&#xF3;n sobre la diversidad biol&#xF3;gica?</subfield>
  </datafield>
  <datafield tag="650" ind1=" " ind2="4">
    <subfield code="a">Ecolog&#xED;a humana.</subfield>
  </datafield>
  <datafield tag="650" ind1=" " ind2="4">
    <subfield code="a">Ecosistemas</subfield>
    <subfield code="x">Gesti&#xF3;n</subfield>
  </datafield>
  <datafield tag="650" ind1=" " ind2="6">
    <subfield code="a">Biodiversidad</subfield>
  </datafield>
  <datafield tag="710" ind1="2" ind2=" ">
    <subfield code="a">World Resources Institute.</subfield>
  </datafield>
  <datafield tag="942" ind1=" " ind2=" ">
    <subfield code="2">ddc</subfield>
    <subfield code="c">LIBRO</subfield>
  </datafield>
  <datafield tag="999" ind1=" " ind2=" ">
    <subfield code="c">5499</subfield>
    <subfield code="d">5499</subfield>
  </datafield>
  <datafield tag="952" ind1=" " ind2=" ">
    <subfield code="0">0</subfield>
    <subfield code="1">0</subfield>
    <subfield code="2">ddc</subfield>
    <subfield code="4">0</subfield>
    <subfield code="7">0</subfield>
    <subfield code="8">GENERAL</subfield>
    <subfield code="I">INV2017</subfield>
    <subfield code="a">Bogota</subfield>
    <subfield code="b">Bogota</subfield>
    <subfield code="d">2007-05-08</subfield>
    <subfield code="e">Amazon</subfield>
    <subfield code="l">2</subfield>
    <subfield code="m">1</subfield>
    <subfield code="o">LB-333.9516 W92e</subfield>
    <subfield code="p">024056</subfield>
    <subfield code="r">2015-12-02 00:00:00</subfield>
    <subfield code="s">2013-12-04</subfield>
    <subfield code="t">Ej.1</subfield>
    <subfield code="w">2012-12-04</subfield>
    <subfield code="x">Donaci&#xF3;n</subfield>
    <subfield code="y">LIBRO</subfield>
  </datafield>
</record>
